LEADER 01084cam0-22003611i-450- 001 990007381880403321 005 20070903114051.0 010 $a88-7075-571-1 035 $a000738188 035 $aFED01000738188 035 $a(Aleph)000738188FED01 035 $a000738188 100 $a20030108d2002----km-y0itay50------ba 101 0 $aita 102 $aIT 105 $ay-------001yy 200 1 $aStandard e documenti musicali$ei numeri, i modelli, i formati$fNicola Tangari 210 $aMilano$cEditrice Bibliografica$dİ2002 215 $a269 p.$d21 cm 225 1 $aBibliografia e biblioteconomia$v65 610 0 $aEdizioni musicali$aDescrizione bibliografica standardizzata 676 $a025.348$v19$zita 700 1$aTangari,$bNicola$0266776 801 0$aIT$bUNINA$gRICA$2UNIMARC 901 $aBK 912 $a990007381880403321 952 $aXXX Cod. 118 (65)$b39229$fFSPBC 952 $aBIBL B 330$b12898$fFARBC 952 $aBIBL B 362$b15008$fFARBC 959 $aFSPBC 959 $aFARBC 996 $aStandard e documenti musicali$9147581 997 $aUNINA LEADER 03183oam 2200613Ia 450 001 9910784796703321 005 20231018215312.0 010 $a0-19-773313-1 010 $a1-280-53500-8 010 $a0-19-535535-0 035 $a(CKB)1000000000398969 035 $a(EBL)430711 035 $a(OCoLC)252608057 035 $a(SSID)ssj0000132969 035 $a(PQKBManifestationID)11132076 035 $a(PQKBTitleCode)TC0000132969 035 $a(PQKBWorkID)10040683 035 $a(PQKB)11436106 035 $a(Au-PeEL)EBL430711 035 $a(CaPaEBR)ebr10278055 035 $a(CaONFJC)MIL53500 035 $a(MiAaPQ)EBC430711 035 $a(EXLCZ)991000000000398969 100 $a19960103d1997 uy 0 101 0 $aeng 135 $aurcn||||||||| 181 $ctxt$2rdacontent 182 $cc$2rdamedia 183 $acr$2rdacarrier 200 10$aCrossing swords $epolitics and religion in Mexico /$fRoderic Ai Camp 210 1$aNew York :$cOxford University Press,$d1997. 215 $a1 online resource (ix, 341 pages) 311 0 $a0-19-510784-5 320 $aIncludes bibliographical references (p. 319-325) and index. 327 $aContents; 1 Church and State: Foundations of Analysis; 2 Historical Underpinnings and Reform: Two Decades in Brief Repose; 3 Issues Facing the Church: Politics, Partisanship, and Development; 4 Issues Facing the Church: Moral and Spiritual Challenges; 5 Religion, Politics, and the Laity; 6 Becoming a Priest: Why Mexicans Enter the Clergy; 7 Educating the Clergy: From Priest to Bishop; 8 Who Are the Bishops?: Consequences of Family and Place; 9 Church-State Interlocks: Informal Relations; 10 Structure and Decision Making: International and National Actors; 11 Structure and Decision Making: The Bishop in His Diocese 12 The Church Viewed through Political and Clerical Lenses; Appendix: Mexican Bishops; Bibliographic Essay; Index 330 $aBased on a decade of field research, this work is the first book-length, scholarly examination in English of the role of Catholicism in Mexican society since the 1970's through 1995, and the increasing political activism of the Catholic church and clergy. It is also the first analysis of church-state relations in Latin America that incorporates detailed interviews of numerous bishops and clergy and leading politicians about how they see each other and how religion influences their values. 606 $aChristianity and politics$xCatholic Church$xHistory$y20th century 606 $aChurch and state$xCatholic Church$xHistory$y20th century 606 $aChurch and state$zMexico$xHistory$y20th century 607 $aMexico$xChurch history$y20th century 607 $aMexico$xPolitics and government$y1988-2000 615 0$aChristianity and politics$xCatholic Church$xHistory 615 0$aChurch and state$xCatholic Church$xHistory 615 0$aChurch and state$xHistory 676 $a261.7/0972 676 $a282.72 700 $aCamp$b Roderic A$0893744 801 0$bMiAaPQ 801 1$bMiAaPQ 801 2$bMiAaPQ 906 $aBOOK 912 $a9910784796703321 996 $aCrossing swords$93725193 997 $aUNINA